El deporte a la luz de la ciencia: perspectivas, aspectos, resultados

সংরক্ষণ করুন:
গ্রন্থ-পঞ্জীর বিবরন
প্রধান লেখক: Baitsch, Helmut (Author), Bock, Hans-Erhard (Author), Bolte, Martin (Author), Bokler, Willy (Author), Grupe, Ommo (Author), Heidland, Hans-Wolfgang (Author), Lotz, Franz (Author)
সংস্থা লেখক: Delegación Nacional de Educación Física y Deportes (Author)
বিন্যাস: গ্রন্থ
ভাষা:স্প্যানিশ
প্রকাশিত: Madrid Instituto Nacional de Educación Física 1974
বিষয়গুলি:
ট্যাগগুলো: ট্যাগ যুক্ত করুন
কোনো ট্যাগ নেই, প্রথমজন হিসাবে ট্যাগ করুন!

MARC

LEADER 00000nam a2200000 a 4500
001 UCY9483
003 CL-VaPUC
008 950717e19740000SP |||||||||||||||||spa|d
082 0 4 |a 796.01  |b BAI  |2 21 
100 0 |a Baitsch, Helmut  |e author  |9 341685 
700 0 |a Bock, Hans-Erhard  |e author  |9 341686 
700 0 |a Bolte, Martin  |e author  |9 341687 
700 0 |a Bokler, Willy  |e author  |9 341688 
700 |a Grupe, Ommo  |e author  |9 341689 
700 0 |a Heidland, Hans-Wolfgang  |e author  |9 341690 
700 0 |a Lotz, Franz  |e author  |9 341691 
110 2 |a Delegación Nacional de Educación Física y Deportes  |e author  |9 341692 
245 1 3 |a El deporte a la luz de la ciencia: perspectivas, aspectos, resultados 
300 |a 276 p 
942 |c BK 
945 |d 19950717 00:00:00  |a cmena 
260 |a Madrid  |b Instituto Nacional de Educación Física  |c 1974 
650 7 |a DEPORTE  |2 CL-VaPUC  |9 341693 
650 0 |a Educación física  |9 240893 
650 7 |a EJERCICIO  |2 CL-VaPUC  |9 310040 
650 0 |a Aspectos psicológicos  |9 258128 
650 0 |a Aspectos religiosos  |9 257320 
650 0 |a Aspectos sociales  |9 254894 
650 0 |a Medicina deportiva  |9 307562 
650 0 |a Efectos fisiológicos  |9 327358 
583 |a last modification  |c 19950717 00:00:00  |k Rodrigo Vera 
999 |c 236570  |d 236568 
952 |0 0  |1 0  |4 0  |6 796_010000000000000_BAI_1974  |7 0  |8 P  |9 244744  |a BIBEDU  |b BIBEDU  |c BIBEDU_PB  |d 2019-11-18  |i 1531573  |o 796.01 BAI 1974  |p 1531573  |r 2024-01-25  |w 2019-11-18  |y BK  |k EDU